<?xml version="1.0" encoding="UTF-8"?>
<record
    xmlns:xsi="http://www.w3.org/2001/XMLSchema-instance"
    xsi:schemaLocation="http://www.loc.gov/MARC21/slim http://www.loc.gov/standards/marcxml/schema/MARC21slim.xsd"
    xmlns="http://www.loc.gov/MARC21/slim">

  <leader>02745nam a2200301 a 4500</leader>
  <controlfield tag="003">OSt</controlfield>
  <controlfield tag="005">20260209141115.0</controlfield>
  <controlfield tag="007">cr ||||||a|c|a</controlfield>
  <controlfield tag="008">230509s2019    mx a|||fom||| 001 0 spa d</controlfield>
  <datafield tag="040" ind1=" " ind2=" ">
    <subfield code="e">rda</subfield>
  </datafield>
  <datafield tag="100" ind1="1" ind2=" ">
    <subfield code="9">186933</subfield>
    <subfield code="a">Mart&#xED;nez Luna, Jos&#xE9; Efra&#xED;n</subfield>
  </datafield>
  <datafield tag="245" ind1="1" ind2="0">
    <subfield code="a">Ajustes de ecuaciones alom&#xE9;tricas para estimar carbono en la parte a&#xE9;rea y radicular en brinzales de Pinus hartwegii Lindl. en el Parque Nacional Iztacc&#xED;huatl-Popocat&#xE9;petl /</subfield>
    <subfield code="c">por Jos&#xE9; Efra&#xED;n Mart&#xED;nez Luna; director de tesis Fernando Carrillo Anzures.</subfield>
  </datafield>
  <datafield tag="264" ind1=" " ind2="1">
    <subfield code="a">Chapingo, M&#xE9;xico :</subfield>
    <subfield code="b">El autor,</subfield>
    <subfield code="c">2019.</subfield>
  </datafield>
  <datafield tag="300" ind1=" " ind2=" ">
    <subfield code="a">1 recurso en l&#xED;nea (81 p&#xE1;ginas):</subfield>
    <subfield code="b">cuadros, figuras.</subfield>
  </datafield>
  <datafield tag="336" ind1=" " ind2=" ">
    <subfield code="2">rdacontent</subfield>
    <subfield code="a">texto</subfield>
    <subfield code="b">txt</subfield>
  </datafield>
  <datafield tag="337" ind1=" " ind2=" ">
    <subfield code="2">rdamedia</subfield>
    <subfield code="a">computadora</subfield>
    <subfield code="b">c</subfield>
  </datafield>
  <datafield tag="338" ind1=" " ind2=" ">
    <subfield code="2">rdacarrier</subfield>
    <subfield code="a">recurso en l&#xED;nea</subfield>
    <subfield code="b">cr</subfield>
  </datafield>
  <datafield tag="502" ind1=" " ind2=" ">
    <subfield code="b">IF</subfield>
    <subfield code="c">DICIFO</subfield>
    <subfield code="d">2019.</subfield>
    <subfield code="g">LIC</subfield>
  </datafield>
  <datafield tag="504" ind1=" " ind2=" ">
    <subfield code="a">Incluye referencias bibliogr&#xE1;ficas: p&#xE1;ginas 51-58.</subfield>
  </datafield>
  <datafield tag="520" ind1=" " ind2=" ">
    <subfield code="a">Los gases de efecto invernadero (GEI) son una de las principales causas del calentamiento global. Gracias a los servicios ambientales es posible mitigar parte de los GEI, debido a que los ecosistemas forestales utilizan el CO2 como parte de la fotos&#xED;ntesis para generar energ&#xED;a. Cuantificar estos datos ayudar&#xED;an a entender c&#xF3;mo funcionan y c&#xF3;mo contribuyen los ecosistemas del Parque Nacional Izta-Popo. El objetivo de este trabajo fue ajustar las ecuaciones alom&#xE9;tricas para Pinus hartwegii Lindl. en plantaciones de reforestaci&#xF3;n en el Parque Nacional Izta-Popo utilizando variables de f&#xE1;cil medici&#xF3;n para relacionarlas con la biomasa, dichas variables fueron di&#xE1;metro de la base, altura total y altura a la primera rama viva. Para esto se seleccionaron 90 brinzales y se calcul&#xF3; la biomasa de cada uno, as&#xED; como la biomasa de cada componente, follaje, ramas, tallo y ra&#xED;z. Se calcul&#xF3; el contenido de carbono para determinar la cantidad de este elemento capturado en los propios brinzales. La ecuaci&#xF3;n resultante para el di&#xE1;metro a la base fue B=0.0092*DB2.7226, con un coeficiente de determinaci&#xF3;n de R2= 0.9521. la ecuaci&#xF3;n para la altura total fue de B=0.7546*hT2.5819, con un coeficiente de determinaci&#xF3;n de R2= 0.8644. La variable de altura a la primera rama viva obtuvo un coeficiente de determinaci&#xF3;n bajo, R2= 0.3203. El carbono acumulado promedio para los brinzales de este estudio fue de 50.81%.</subfield>
  </datafield>
  <datafield tag="650" ind1=" " ind2="4">
    <subfield code="9">131943</subfield>
    <subfield code="a">Arboles</subfield>
    <subfield code="x">Alometr&#xED;a</subfield>
  </datafield>
  <datafield tag="650" ind1=" " ind2="4">
    <subfield code="9">130250</subfield>
    <subfield code="a">&#xC1;rboles</subfield>
    <subfield code="x">Medici&#xF3;n</subfield>
  </datafield>
  <datafield tag="650" ind1=" " ind2="4">
    <subfield code="9">132073</subfield>
    <subfield code="a">Biomasa</subfield>
    <subfield code="x">Medici&#xF3;n</subfield>
  </datafield>
  <datafield tag="650" ind1=" " ind2="4">
    <subfield code="9">132308</subfield>
    <subfield code="a">Bosques</subfield>
    <subfield code="x">Secuestro de carbono</subfield>
  </datafield>
  <datafield tag="700" ind1="1" ind2=" ">
    <subfield code="9">19451</subfield>
    <subfield code="a">Carrillo Anzures, Fernando</subfield>
    <subfield code="e">Director de tesis.</subfield>
  </datafield>
  <datafield tag="856" ind1=" " ind2=" ">
    <subfield code="u">http://10.13.5.2/tesis/tl/Martinez_Luna_Jose_Efrain.pdf</subfield>
    <subfield code="z">DESCARGAR PDF</subfield>
  </datafield>
  <datafield tag="942" ind1=" " ind2=" ">
    <subfield code="2">Clasificaci&#xF3;n Universidad Aut&#xF3;noma Chapingo</subfield>
    <subfield code="c">TD</subfield>
  </datafield>
  <datafield tag="999" ind1=" " ind2=" ">
    <subfield code="c">218705</subfield>
    <subfield code="d">218705</subfield>
  </datafield>
  <datafield tag="952" ind1=" " ind2=" ">
    <subfield code="0">0</subfield>
    <subfield code="1">0</subfield>
    <subfield code="2">local</subfield>
    <subfield code="4">0</subfield>
    <subfield code="5">1</subfield>
    <subfield code="7">0</subfield>
    <subfield code="8">TesDigL</subfield>
    <subfield code="a">BD</subfield>
    <subfield code="b">BD</subfield>
    <subfield code="c">E_L</subfield>
    <subfield code="d">2023-05-09</subfield>
    <subfield code="l">0</subfield>
    <subfield code="o">Tesis digital</subfield>
    <subfield code="r">2023-05-09 00:00:00</subfield>
    <subfield code="w">2023-05-09</subfield>
    <subfield code="y">TD</subfield>
  </datafield>
</record>
